Chuẩn bị kỹ thuật khu đất xây dựng

KR061 San nền - Tiêu thủy

Guardado en:
Detalles Bibliográficos
Autor principal: Phạm, Trọng Mạnh
Formato: Libro
Lenguaje:Undetermined
Publicado: H. Xây dựng 2009
Materias:
Acceso en línea:http://lrc.tdmu.edu.vn/opac/search/detail.asp?aID=2&ID=3564
Etiquetas: Agregar Etiqueta
Sin Etiquetas, Sea el primero en etiquetar este registro!
Thư viện lưu trữ: Trung tâm Học liệu Trường Đại học Thủ Dầu Một
LEADER 00712nam a2200205Ia 4500
001 TDMU_3564
008 210410s9999 xx 000 0 und d
082 |a 624.1 
090 |b P491 
100 |a Phạm, Trọng Mạnh 
245 0 |a Chuẩn bị kỹ thuật khu đất xây dựng 
245 0 |c Phạm Trọng Mạnh 
260 |a H. 
260 |b Xây dựng 
260 |c 2009 
300 |a 202tr. 
520 |a KR061 San nền - Tiêu thủy 
650 |a Sách đại học - xây dựng; Đất xây dựng; Sách khoa xây dựng 
856 |u http://lrc.tdmu.edu.vn/opac/search/detail.asp?aID=2&ID=3564 
980 |a Trung tâm Học liệu Trường Đại học Thủ Dầu Một